Estimator's equipment installation man-hour manual (Record no. 101862)

MARC details
000 -LEADER
fixed length control field 00616cam a2200193 4500
008 - FIXED-LENGTH DATA ELEMENTS--GENERAL INFORMATION
fixed length control field 020125n1999 000 0 eng u
020 ## - INTERNATIONAL STANDARD BOOK NUMBER
International Standard Book Number 0884152871
035 ## - SYSTEM CONTROL NUMBER
System control number (Sirsi) u116476
100 ## - MAIN ENTRY--PERSONAL NAME
Personal name Page, J.
245 ## - TITLE STATEMENT
Title Estimator's equipment installation man-hour manual
250 ## - EDITION STATEMENT
Edition statement 3rd ed.
260 ## - PUBLICATION, DISTRIBUTION, ETC.
Place of publication, distribution, etc. Houston, Tex.
Name of publisher, distributor, etc. Gulf
Date of publication, distribution, etc. 1999
300 ## - PHYSICAL DESCRIPTION
Extent xix,212p.
Dimensions 23cm.
350 ## - PRICE (NR) (BK AM CF MU VM SE) [OBSOLETE]
Price 55.00
520 ## - SUMMARY, ETC.
Summary, etc. An American guide to making man-hour estimates for the installation of equipment. Figures are given in imperial units.
650 ## - SUBJECT ADDED ENTRY--TOPICAL TERM
Topical term or geographic name entry element ESTIMATING
690 ## - LOCAL SUBJECT ADDED ENTRY--TOPICAL TERM (OCLC, RLIN)
Topical term or geographic name as entry element BUILDING AND CONSTRUCTION-ENGINEERING
942 ## - ADDED ENTRY ELEMENTS (KOHA)
Suppress in OPAC 0
Holdings
Withdrawn status Lost status Source of classification or shelving scheme Damaged status Not for loan Home library Current library Shelving location Date acquired Cost, normal purchase price Total Checkouts Full call number Barcode Date last seen Date last checked out Copy number Cost, replacement price Price effective from Koha item type
    Dewey Decimal Classification     London London Books 14/02/2002 46.75 1 658.27 PAG 30065356 06/08/2019 13/06/2003 1 46.75 06/08/2019 Book